banner koha

Curso de mestrado em desenvolvimento agrícola / (Registro n. 20660)

MARC details
000 -LÍDER
Campo de controle fixo 00766nam a22002897a 4500
001 - NÚMERO DE CONTROLE
Número de controle BR7500351
003 - CÓDIGO MARC DA AGÊNCIA CATALOGADORA
Campo de controle BR-BrBNA
005 - DATA E HORA DA ÚLTIMA ATUALIZAÇÃO
Campo de controle 20241010115437.0
008 - CAMPO DE TAMANHO FIXO
Campo fixo de controle 230509b bl.||||| |||| 00| 0 por d
040 ## - FONTE DA CATALOGAÇÃO
Agência catalogadora BR-BrBNA
Idioma da catalogação por
041 ## - CÓDIGO DO IDIOMA
Código do Idioma (Por)
072 ## - CATEGORIA AGRIS
Código da categoria de assunto/objeto <a href="C00; E30">C00; E30</a>
Código do objeto /G514
090 ## - NÚMERO DE CHAMADA
Localização na estante C00
Código BR BR7500351
110 1# - ENTRADA PRINCIPAL - ENTIDADE
Nome da entidade ou lugar Fundação Getúlio Vargas
245 1# - TÍTULO PRINCIPAL
Título principal Curso de mestrado em desenvolvimento agrícola /
260 3# - IMPRENTA (PUBLICAÇÃO, DISTRIBUIÇÃO, ETC.)
Lugar de publicação, distribuição, etc. Rio de Janeiro, RJ
300 ## - DESCRIÇÃO FÍSICA
Extensão vp.
500 ## - NOTA GERAL
Notas gerais Published after 1975
650 ## - ASSUNTO - THESAGRO
Cabeçalho tópico ou nome geográfico Educação
650 ## - ASSUNTO - THESAGRO
Cabeçalho tópico ou nome geográfico Desenvolvimento agrícola
650 ## - ASSUNTO - THESAGRO
Cabeçalho tópico ou nome geográfico Planejamento agrícola
650 ## - ASSUNTO - THESAGRO
Cabeçalho tópico ou nome geográfico Curso
650 ## - ASSUNTO - THESAGRO
Cabeçalho tópico ou nome geográfico Desenvolvimento rural
909 ## - IDENTIFICAÇÃO DO CATALOGADOR
Ano e mês da catalogação (aaaamm) 10/2024
Identificação do catalogador SARAH
942 ## - TIPO ESPECÍFICO
Tipo de material Livros
952 ## - LOCATION AND ITEM INFORMATION (KOHA)
-- 2023-09-25
-- 2023-09-25
-- Portaria Interministerial nº 164/94
Exemplares
Status de empréstimo Fonte de classificação Status de danificação Não pode ser emprestado Código da coleção Localização permanente Localização atual Localização na estante Total Checkouts Número de chamada Código de barras Número de exemplar Tipo de material Perdido
  Classificação AGRIS     Agrobase Biblioteca Nacional de Agricultura - Binagri Biblioteca Nacional de Agricultura - Binagri Agrobase - Acervo Geral   C00 BR7500351 2024-5757 01 Livros  

BINAGRI

Telefone: (61)3218-2567/2388/3357/2097 - binagri@agro.gov.br

Ministério da Agricultura e Pecuária , Esplanada dos Ministérios, Bloco D, Anexo B, Brasília/DF, CEP: 70.043-900